000 00317nam a2200133Ia 4500
005 20251222143231.0
008 251222s9999||||xx |||||||||||||| ||spa||
020 _a88-04-47414-9
082 _a858.9/B88P
100 _aBuffoni, Franco
245 0 _aIl Profolio del Rosa
264 _bArnoldo Mondadori
942 _cLIB
999 _c14214
_d14214